Top 100 najbardziej zaludnionych państw świata - Statystyki

Ogólne statystyki
  • Ten quiz został rozwiązany 156 razy
  • Średni wynik to 77 z 100
Statystyki odpowiedzi
Miejsce Liczba ludności Kraj % Poprawnych
3 345,000,000 Stany Zjednoczone
100%
2 1,419,000,000 Chiny
99%
1 1,450,000,000 Indie
99%
11 130,000,000 Meksyk
97%
32 47,000,000 Hiszpania
96%
12 123,000,000 Japonia
96%
38 39,000,000 Kanada
96%
39 38,500,000 Polska
96%
9 144,000,000 Rosja
96%
42 37,860,000 Ukraina
96%
55 26,700,000 Australia
95%
7 211,000,000 Brazylia
95%
23 66,000,000 Francja
95%
25 59,000,000 Włochy
95%
64 20,500,000 Kazachstan
94%
19 84,000,000 Niemcy
94%
21 69,000,000 Wielka Brytania
94%
35 45,000,000 Argentyna
92%
13 116,000,000 Egipt
92%
5 253,000,000 Pakistan
92%
24 64,000,000 Republika Południowej Afryki
92%
18 87,000,000 Turcja
92%
48 33,000,000 Arabia Saudyjska
91%
4 281,000,000 Indonezja
91%
54 27,000,000 Niger
91%
6 232,000,000 Nigeria
91%
66 19,700,000 Chile
90%
29 51,000,000 Korea Południowa
90%
90 10,600,000 Szwecja
90%
53 28,000,000 Wenezuela
88%
36 42,000,000 Afganistan
87%
95 10,000,000 Grecja
87%
28 52,000,000 Kolumbia
87%
93 10,400,000 Portugalia
87%
16 100,000,000 Wietnam
87%
15 109,000,000 Demokratyczna Republika Konga
86%
34 46,000,000 Irak
86%
17 91,000,000 Iran
86%
67 19,015,000 Rumunia
86%
20 71,000,000 Tajlandia
86%
8 173,000,000 Bangladesz
85%
56 26,400,000 Korea Północna
85%
100 9,000,000 Białoruś
83%
14 115,000,000 Filipiny
82%
47 34,200,000 Peru
82%
43 36,000,000 Uzbekistan
82%
89 10,700,000 Czechy
81%
71 18,200,000 Holandia
81%
40 38,000,000 Maroko
81%
99 9,100,000 Austria
79%
79 12,400,000 Boliwia
79%
91 10,590,000 Tadżykistan
79%
83 11,738,000 Belgia
78%
10 132,000,000 Etiopia
78%
37 40,000,000 Jemen
78%
73 17,600,000 Kambodża
78%
30 50,400,000 Sudan
78%
65 20,200,000 Czad
77%
44 35,000,000 Malezja
77%
68 19,009,000 Somalia
77%
72 18,100,000 Ekwador
74%
26 56,000,000 Kenia
74%
22 68,000,000 Tanzania
73%
31 50,000,000 Uganda
73%
96 9,600,000 Węgry
73%
45 34,600,000 Mozambik
72%
69 18,500,000 Senegal
72%
80 12,200,000 Tunezja
72%
86 11,000,000 Zjednoczone Emiraty Arabskie
72%
41 37,885,000 Angola
71%
98 9,300,000 Izrael
71%
87 10,900,000 Kuba
71%
27 54,000,000 Mjanma
71%
81 11,900,000 Sudan Południowy
69%
58 24,400,000 Mali
68%
60 23,200,000 Tajwan
68%
74 16,000,000 Zimbabwe
68%
46 34,400,000 Ghana
67%
50 31,934,000 Wybrzeże Kości Słoniowej
67%
49 31,964,000 Madagaskar
64%
52 29,100,000 Kamerun
63%
77 14,200,000 Rwanda
63%
63 21,300,000 Zambia
63%
51 29,600,000 Nepal
62%
94 10,300,000 Azerbejdżan
60%
61 23,100,000 Sri Lanka
60%
75 14,700,000 Gwinea
59%
84 11,500,000 Jordania
59%
92 10,576,000 Papua Nowa Gwinea
59%
70 18,400,000 Gwatemala
55%
88 10,800,000 Honduras
55%
97 9,500,000 Togo
55%
85 11,400,000 Dominikana
51%
82 11,772,000 Haiti
51%
59 23,500,000 Burkina Faso
47%
62 21,600,000 Malawi
46%
76 14,400,000 Benin
45%
78 14,000,000 Burundi
45%
33 46,800,000 Algeria
36%
57 24,600,000 Syryjska Republika Arabska
3%
Nie znaleziono quizów pasujących do podanych kryteriów
Rozkład punktacji
Procent ludzi z każdym wynikiem
Percentyl według liczby udzielonych odpowiedzi
Twoja historia wyników
Nie rozwiązałeś tego quizu